Исследование структуры твердого сплава на основе карбидов вольфрама и титана, подвергнутого мощному импульсному ионному облучению; Физика и химия обработки материалов; № 5

מידע ביבליוגרפי
Parent link:Физика и химия обработки материалов/ Российская академия наук (РАН), Институт металлургии и материаловедения им. А. А. Байкова (ИМЕТ).— , 1968-
№ 5.— 1998.— С. 19-22
מחברים אחרים: Ремнев Г. Е. Геннадий Ефимович, Семухин Б. С., Струц В. К., Исаков И. Ф., Кутузов В. Л., Овсянников М. Ю.
סיכום:Облучение образцов твердого сплава Т5К10, состоящего из карбида вольфрама (85%), карбида титана (5%) и кобальтовой связки, проводилось смешанным ионным пучком C+(70%)+H+(30%) с энергией ионов 300 кэВ на ускорителе "Темп". Режим облучения: плотность инного тока - 120 А/см2, деятельность импульсов - 60 нс, число импульсов - 3. После полного облучения образцы отжигались при т-ре 300°C в течение 2 ч. Рентгенографич. исследования поверхностных слоев облученных образцов показали, что происходит изменение фазового состава как карбида, так и кобальтовой связки. Облучение и последующий отжиг образцов существенно влияют и на параметры, характеризующие его кристаллич. структуру. После импульсной радиационно-термич. обработки мощным ионным пучком износостойкость твердого сплава Т5К10 увеличивается в 2,5÷3 раза. Приведены результаты измерений параметров кристаллич. решетки разных фаз после облучения, а также фазовый состав исходного, облученного и отожженного после облучения сплава Т5К10.
שפה:רוסית
יצא לאור: 1998
נושאים:
פורמט: Book Chapter
KOHA link:https://koha.lib.tpu.ru/cgi-bin/koha/opac-detail.pl?biblionumber=546977

MARC

LEADER 00000naa2a2200000 4500
001 546977
005 20231101120018.0
035 |a (RuTPU)RU\TPU\prd\239089 
035 |a RU\TPU\prd\239088 
090 |a 546977 
100 |a 20150617a1998 k y0rusy50 ca 
101 0 |a rus 
102 |a RU 
200 1 |a Исследование структуры твердого сплава на основе карбидов вольфрама и титана, подвергнутого мощному импульсному ионному облучению  |f Г. Е. Ремнев [и др.] 
320 |a Библиогр.: с. 21-22 (12 назв.) 
330 |a Облучение образцов твердого сплава Т5К10, состоящего из карбида вольфрама (85%), карбида титана (5%) и кобальтовой связки, проводилось смешанным ионным пучком C+(70%)+H+(30%) с энергией ионов 300 кэВ на ускорителе "Темп". Режим облучения: плотность инного тока - 120 А/см2, деятельность импульсов - 60 нс, число импульсов - 3. После полного облучения образцы отжигались при т-ре 300°C в течение 2 ч. Рентгенографич. исследования поверхностных слоев облученных образцов показали, что происходит изменение фазового состава как карбида, так и кобальтовой связки. Облучение и последующий отжиг образцов существенно влияют и на параметры, характеризующие его кристаллич. структуру. После импульсной радиационно-термич. обработки мощным ионным пучком износостойкость твердого сплава Т5К10 увеличивается в 2,5÷3 раза. Приведены результаты измерений параметров кристаллич. решетки разных фаз после облучения, а также фазовый состав исходного, облученного и отожженного после облучения сплава Т5К10. 
461 1 |0 (RuTPU)RU\TPU\prd\404  |t Физика и химия обработки материалов  |f Российская академия наук (РАН), Институт металлургии и материаловедения им. А. А. Байкова (ИМЕТ)  |d 1968- 
463 1 |0 (RuTPU)RU\TPU\prd\94343  |t № 5  |v С. 19-22  |d 1998 
610 1 |a труды учёных ТПУ 
610 1 |a ионно-лучевая обработка 
610 1 |a твердые сплавы 
610 1 |a ионы водорода 
610 1 |a ионы углерода 
610 1 |a структура 
610 1 |a исследование 
701 1 |a Ремнев  |b Г. Е.  |c физик  |c профессор Томского политехнического университета, доктор технических наук  |f 1948-  |g Геннадий Ефимович  |2 stltpush  |3 (RuTPU)RU\TPU\pers\22004 
701 1 |a Семухин  |b Б. С. 
701 1 |a Струц  |b В. К. 
701 1 |a Исаков  |b И. Ф. 
701 1 |a Кутузов  |b В. Л. 
701 1 |a Овсянников  |b М. Ю. 
801 1 |a RU  |b 63413507  |c 20120913 
801 2 |a RU  |b 63413507  |c 20150617  |g RCR 
942 |c BK